Biblioteca

Educación superior / ICFES (Registro nro. 44229)

Detalles MARC
000 -LÍDER
Campo fijo de descripción fija 003880000a22001450004500
041 0# - CÓDIGO DE IDIOMA
Código de idioma para texto/pista de sonido o título separado
082 04 - NÚMERO DE CLASIFICACIÓN DECIMAL DEWEY
Número de clasificación E 378.861 I15
001 - NÚMERO DE CONTROL
Campo de control 17568
100 1# - ASIENTO PRINCIPAL--NOMBRE PERSONAL
Nombre personal ICFES
245 10 - TÍTULO
Título del Material Educación superior / ICFES
260 ## - PUBLICACIÓN, DISTRIBUCIÓN, ETC. (PIE DE IMPRENTA)
Lugar de publicación, distribución, etc. Bogotá : ICFES, 1995
300 ## - DESCRIPCIÓN FÍSICA
Extensión 239 p.
505 00 - NOTA DE CONTENIDO
Nota de contenido con formato preestablecido Compendio de Normas : constitución nacional, leyes de la republica, decretos, resoluciones y acuerdos
942 ## - TIPO DE MATERIAL (KOHA)
Tipo de Item KOHA Libros General
Existencias
Estado de Material Estado de Perdido Volumen-Parte/Tomo Estado de Dañado No para Préstamo Colección Tomo Biblioteca de Origen Biblioteca Permanente Fecha de Adquisición Total de Préstamos Signatura Topográfica Código de Barras Última vez visto Ejemplar/Existencia Fecha de Remplazo Tipo de Material
          Colección Esendek   Biblioteca FUSBC Biblioteca FUSBC 15/03/2012   E 378.861 I15 23704 12/12/2019 1 26/01/2016 Libros General

Biblioteca FUSBC | Teléfono: (57+4) 349 88 10 Ext. 141| WhatsApp (+57) 3005338115 
E-mail: biblioteca@unisbc.edu.co | Calle 76 87-14 Robledo Palenque, Medellín, Colombia

Con tecnología Koha